01328nam a22003254a 4500001001200000003000800012006001900020007001500039008004100054010001700095020003600112040002100148035002000169050002300189082002600212100002500238245012000263260004200383300001600425504006400441533015200505650003100657651005500688651005000743655002900793700002200822710001700844856012600861999001500987ebr10019856CaPaEBRm u cr cn|||||||||000707s2000 dcu sb 001 0 eng  z 00058656  z0844741396 (cloth : alk. paper) aCaPaEBRcCaPaEBR a(OCoLC)7076331414aJK516b.N39 2000eb04a352.23/0973/090452211 aNeustadt, Richard E.10aPreparing to be presidenth[electronic resource] :bthe memos of Richard E. Neustadt /cedited by Charles O. Jones. aWashington, D.C. :bAEI Press,c2000. avii, 197 p. aIncludes bibliographical references (p. 173-185) and index. aElectronic reproduction.bPalo Alto, Calif. :cebrary,d2013.nAvailable via World Wide Web.nAccess may be limited to ebrary affiliated libraries. 0aPresidentszUnited States. 0aUnited StatesxPolitics and governmenty1945-1989. 0aUnited StatesxPolitics and governmenty1989- 7aElectronic books.2local1 aJones, Charles O.2 aebrary, Inc.40uhttp://site.ebrary.com/lib/rucke/Doc?id=10019856zAn electronic book accessible through the World Wide Web; click to view c9223d9223